000 00496nas a22001817a 4500
003 OSt
005 20230327121643.0
008 230327b |||||||| |||| 00| 0 eng d
022 _225112104
040 _cNA
082 _a615
_bInformation Technology
245 _aInternational Journal of Information Technology
_hEnglish
260 _aNew Delhi
_bSpringer
310 _a6/Year
650 _aInformation Technology
856 _uhttps://www.springer.com/journal/41870
942 _2ddc
_cPED
_s1
999 _c11894
_d11894